ELİF GİBİ SEVMEK (Record no. 759835)

MARC details
000 -LEADER
sabit uzunluktaki kontrol alanı 00252nam a2200097Ia 4500
001 - KONTROL NUMARASI
kontrol alanı 759835
005 - EN SON İŞLEMİN TARİH VE ZAMANI
kontrol alanı 20250826165137.0
008 - SABİT-UZUNLUKTA VERİ ÖĞELERİ--GENEL BİLGİ
sabit uzunluktaki kontrol alanı 250824s9999 xx 000 0 und d
245 #0 - ESER / YAZAR
ESER ADI ELİF GİBİ SEVMEK
Yazar Adı HİKMET ANIL ÖZTEKİN
260 ## - YAYIN, DAĞITIM, VB.
YAYIN EVİ YAKAMOZ YAYINLARI
Holdings
Düşüm durumu Kayıp durumu Hasar Durumu Ödünç verilmez Ana kütüphane Geçerli Kütüphane Edinilen tarih Toplam ödünç verme sayısı Barkod Son görüntüleme tarihi Fiyatın geçerli olmaya başladığı tarih Koha materyal türü
        BOSNA HERSEK ANADOLU İMAM HATİP LİSESİ BOSNA HERSEK ANADOLU İMAM HATİP LİSESİ 24.08.2025   10354901 26.08.2025 26.08.2025 Books